Responses for Show #5970 - Friday, July 23, 2010

Contestants

[<< previous game]

Rich Baker, a game designer and writer from Pacific, Washington

Joe Gallagher, an anthropology and botany student from Orlando, Florida

Alison Stone Roberg, an administrative assistant from Kansas City, Missouri (whose 1-day cash winnings total $26,801)

[next game >>]

Jeopardy! Round responses

IT'S A LONG WAY TO TIPPERARY
THE LATE NIGHT CROWD
BREAKFAST BRANDS
GETTING COZY WITH SARKOZY
TOBACCO
LETTER & WORD
    $200 15
Aer Lingus

Rich
    $200 25
(Jay) Leno

Alison
    $200 1
Log Cabin

Rich
    $200 20
Paris

Joe
    $200 9
a peace pipe

Joe
    $200 6
D-Day

Alison
    $400 16
Shannon Airport

Triple Stumper
    $400 27
David Letterman

Joe
    $400 2
Pop-Tarts

Alison
    $400 22
Hungary

Alison
    $400 10
Havana

Alison
    $400 7
an e-ticket

Rich
    $600 17
Limerick

Alison
    $600 28
(Rich: What is Dateline?)

Nightline

Rich
Triple Stumper
    $600 3
Quaker Oats

Joe
    $600 23
(Jacques) Chirac

Joe
    $600 13
(Alison: What's a filter?)

a pipe cleaner

AlisonJoe
    $600 8
(Rich: What are "g"s?)

g-forces

JoeRich
    $800 18
Vale

Alison
    $800 29
Jimmy Kimmel

Alison
    $800 4
Cream of Wheat

Alison
    $800 24
(Rich: What is the hijab?)
[Initially ruled incorrect; reversed before Double Jeopardy! when it was determined Sarkozy "probably misspoke" when mentioning the hijab vs. the burqa.]

burqa

Rich
    $800 14
a plug

Alison
    $2,500 11
O-positive

Alison
    $1000 19
a pub

Triple Stumper
    $1000 30
Chevy Chase

Triple Stumper
    $1000 5
Mrs. Butterworth

Alison
    $1000 26
Carla Bruni

Alison
    $1000 21
curing

Rich
    $1000 12
K-rations

Joe

Scores at the first commercial break (after clue 15):

Alison Joe Rich
$5,500 $3,000 $200

Scores at the end of the Jeopardy! Round:

Alison Joe Rich
$9,300 $4,200 $1,400

Double Jeopardy! Round responses

HEALTH & MEDICINE
GET THE L OUT
(Alex: We'll have 2 words in each response--remember that.)
(Alex: We want...)
THEIR GREEK EQUIVALENT
THEY'RE LOOKING OUT FOR US
MAX FACTOR
COVER GIRLS
    $400 2
stomach flu

Joe
    $400 8
flake & fake

Alison
    $400 13
Hera

Joe
    $400 20
SWAT

Rich
    $400 26
Max Planck

Joe
    $400 18
(Alison: Who is Jacobellis?)

Lindsey Vonn

AlisonRich
    $800 3
superior

Joe
    $800 9
glaze & gaze

Rich
    $800 14
Ares

Alison
    $800 1
hurricane hunters

Joe
    $800 27
Fitzgerald

Alison
    $800 22
Michelle Obama

Alison
    $1200 4
hypertension

Alison
    $1200 10
plate & pate

Alison
    $1200 15
Hermes

Joe
    $1200 6
volunteer

Alison
    $1200 28
surrealism

Alison
    $1200 23
Beyoncé

Alison
    $1600 5
diabetes

Rich
    $1600 11
please & pease

Triple Stumper
    $4,000 16
Nike

Joe
    $1600 19
(Rich: What are the Centers for Disease Control?)
...
(Alex: We wanted 3-letter organization--you had to give us the abbreviation which is [*].)

CDC

Rich
Triple Stumper
    $1600 29
Maximilien Robespierre

Triple Stumper
    $1600 24
Megan Fox

Alison
    $2000 7
tomography

Triple Stumper
    $4,000 12
slake & sake

Alison
    $2000 17
Pan

Alison
    $2000 21
power grids

Triple Stumper
    $2000 30
Maxim Gorky

Triple Stumper
    $2000 25
Fergie

Alison

Scores at the end of the Double Jeopardy! Round:

Alison Joe Rich
$27,300 $12,200 $3,000
(lock game)

[wagering suggestions for these scores]

Final Jeopardy! Round responses

PRESIDENTIAL CAMPAIGNS
RichWho is Burr?
$1,000
JoeWho is Teddy Roosevelt
$6,199
AlisonWho was Wallace?
$1,000
(1 of) Governor George Wallace & Strom Thurmond

Final scores:

Alison Joe Rich
$28,300 $6,001 $2,000
2-day champion: $55,101 2nd place: $2,000 3rd place: $1,000

Game dynamics:

Coryat scores:

Alison Joe Rich
$23,600 $9,800 $3,000
26 R
(including 2 DDs),
2 W
15 R
(including 1 DD),
0 W
9 R,
3 W

Combined Coryat: $36,400

[game clues] [game scores] [suggest correction]

Game tape date: 2010-03-16
The J! Archive is created by fans, for fans. Scraping, republication, monetization, and malicious use prohibited; this site may use cookies and collect identifying information. See terms. The Jeopardy! game show and all elements thereof, including but not limited to copyright and trademark thereto, are the property of Jeopardy Productions, Inc. and are protected under law. This website is not affiliated with, sponsored by, or operated by Jeopardy Productions, Inc. Join the discussion at JBoard.tv.